| 000 | 00628nam a2200229 i 4500 | ||
|---|---|---|---|
| 001 | 59545 | ||
| 003 | ES-MaACL | ||
| 005 | 20230906164043.0 | ||
| 007 | t| | ||
| 008 | 031029s1964 sp |||| | spa d | ||
| 080 | _a070.431.4(04) | ||
| 100 | 1 |
_aElorriaga, Gabriel. _947081 |
|
| 245 | 1 | 0 |
_aInformación y política / _cGabriel Elorriaga. |
| 260 |
_aMadrid : _bEditora Nacional, _c1964. |
||
| 300 |
_aXIII, 104 p. ; _c22 cm. |
||
| 490 | 1 |
_aEnsayo ; _v5 |
|
| 650 | 4 |
_aInformación pública. _9158660 |
|
| 830 | 0 |
_aEnsayo ; _v5 _9177699 |
|
| 852 |
_aES-MaACL _jC-34637 |
||
| 852 |
_aES-MaACL _jC-26771 |
||
| 999 |
_c59545 _d59545 |
||